000
00290nam a22001337a 4500
020
_a
978-93-80843-21-6
082
_a
920
_b
NAL/F
245
_a
FRANCIS PAPPA
_b
JEEVACHARITHRAM
260
_b
KARUNIKAN BOOKS
_c
2013
300
_a
162
520
_a
RELIGIOUS
650
_a
RELIGIOUS
942
_c
BK
999
_c
5542
_d
5542